Normal view
MARC view
- Muhammad Raza Fraz
Entry Personal Name
001 - CONTROL NUMBER
- control field: 98693
003 - CONTROL NUMBER IDENTIFIER
- control field: NUST
005 - DATE AND TIME OF LATEST TRANSACTION
- control field: 20220830154054.0
008 - FIXED-LENGTH DATA ELEMENTS
- fixed length control field: 220830|| aca||aabn | a|a d
040 ## - CATALOGING SOURCE
- Original cataloging agency: NUST
- Transcribing agency: NUST
100 ## - HEADING--PERSONAL NAME
- Personal name: Muhammad Raza Fraz
670 ## - SOURCE DATA FOUND
- Source citation: Work cat.: (NUST)13414: Muhammad Raza Fraz, Simultaneous escape routing on PCB with steiner Nodes, 2015
